000 00358 a2200157 4500
001 68424
020 _a9788579017926
040 _cAnchieta - Pituba
100 _aHenry, Eduard
240 1 0 _aHistória 1ª série
_l
245 1 0 _aHistória 1ª série
300 _a168
362 0 _a2023
650 4 _aHistória do mundo antigo até 499 AC.
942 _cBK
999 _c68424
_d68424